Normal view
MARC view
- Bird watching.
Entry Topical Term
001 - CONTROL NUMBER
- control field: 8310
003 - CONTROL NUMBER IDENTIFIER
- control field: NUST
005 - DATE AND TIME OF LATEST TRANSACTION
- control field: 20180112093702.0
008 - FIXED-LENGTH DATA ELEMENTS
- fixed length control field: 180112|| aca||aabn | a|a d
040 ## - CATALOGING SOURCE
- Original cataloging agency: NUST
- Transcribing agency: NUST
150 ## - HEADING--TOPICAL TERM
- Topical term or geographic name entry element: Bird watching.
670 ## - SOURCE DATA FOUND
- Source citation: Work cat.: (NUST)0: Thompson, Bill, 1962- 8309, Bird watching for dummies /, 1997.
